000 00554nam a2200193Ia 4500
008 131103s9999 xx 000 0 und d
040 _aLoreto College
041 _aEnglish
082 _a551.4/KRI
_bLCBkB/50
100 _aKrishnan, M .S
245 _aGeology of India and Burma
_cby M.S Krishnan
260 _aMadras
_bHigginbothams
_c1968
300 _a536p.
_b ill.figures ,tables
_c 24cm
504 _aIncludes bibliography and index
650 _aGeology
651 _aGeology,Hydrology,Meteorology
850 _aLCBkB/551.4/KRI
942 _cBK
999 _c34692
_d85171